Представление документа в формате MARC21

ПолеНазваниеЗначение
  Тип записи a
  Библиографический уровень m
001 Контрольный номер BIBLIOCLUB\0000727182
005 Дата корректировки 20260430154907.9
006 m o d
007 Элементы данных для физической характеристики c|||||||||||||
008 Кодируемые данные s2026 rus o rus d
020 Индекс ISBN __
a ISBN 978-5-9729-2695-4
041 Код языка издания 0_
a Код языка текста rus
084 Индекс другой классификации/Индекс ББК __
a Индекс другой классификации/Индекс ББК 24.1я73
b Номер единицы LBC/PL
2 Источник индекса rubbk
100 Автор 1_
a Автор Белоногов В. А.
245 Заглавие 10
a Заглавие Общая химия: многовариантные задачи
b Продолж. заглавия учебное пособие
c Ответственность В. А. Белоногов, Л. С. Беляева, О. Г. Смольникова
260 Выходные данные __
a Место издания Москва, Вологда
b Издательство Инфра-Инженерия
c Дата издания 2026
300 Физическое описание __
a Объем 156 с.
b Иллюстрации/ тип воспроизводства ил., табл.
504 Библиография __
a Библиография Библиогр.: с. 144.
653 Ключевые слова 1_
a Ключевые слова Учебник для высшей школы
700 Другие авторы _1
a Другие авторы Беляева Л. С.
700 Другие авторы _1
a Другие авторы Смольникова О. Г.
856 Электронный адрес документа 40
3 Область применения данных поля Университетская библиотека ONLINE
u URL https://biblioclub.ru/index.php?page=book&id=727182
900 Электронные ресурсы __
a Имя электронного ресурса https://img.biblioclub.ru/sm_cover/5f48b7f8435adc3c4fc6e6a2a6ea6c26bt5ngqqbv9/cover.jpg